Sociálny fond v otázkach a odpovediach

Problematika zákona o sociálnom fonde. Otázky a odpovede k danej problematike sú rozdelené do ôsmich tematických blokov. Zákon o sociálnom fonde. Zamestnanec a zamestnávateľ. Tvorba fondu. Výpočet základu pre tvorbu sociálneho fondu. Definícia zamestnávateľa. Účtovanie sociálneho fondu. Použitie soc...

Descrizione completa

Salvato in:
Dettagli Bibliografici
Autore principale: Vladárová, Marta
Natura: Capitolo di libro
Lingua:slovacco
Soggetti:
Tags: Aggiungi Tag
Nessun Tag, puoi essere il primo ad aggiungerne!!

MARC

LEADER 00000naa a2200000 4500
001 r035874
005 20230926081656.7
041 0 |a slo 
044 |a SK 
245 1 0 |a Sociálny fond v otázkach a odpovediach  |c Marta Vladárová 
520 |a Problematika zákona o sociálnom fonde. Otázky a odpovede k danej problematike sú rozdelené do ôsmich tematických blokov. Zákon o sociálnom fonde. Zamestnanec a zamestnávateľ. Tvorba fondu. Výpočet základu pre tvorbu sociálneho fondu. Definícia zamestnávateľa. Účtovanie sociálneho fondu. Použitie sociálneho fondu. Zdaňovanie príspevkov zo sociálneho fondu. 
610 2 0 |a fond sociálny 
610 2 0 |a predpisy právne 
610 2 0 |a zamestnávatelia 
610 2 0 |a zamestnanci 
610 2 0 |a tvorba fondov podnikových 
610 2 0 |a zdaňovanie 
100 1 |a Vladárová, Marta